000 00672nam a22002057a 4500
003 OSt
005 20260130065225.0
008 260130b |||||||| |||| 00| 0 eng d
020 _a 978-621-406-233-1
040 _aDWC-Main lib
_cOC
082 _aFil. 647.94 Y11f 2019
100 _aYap, Jennefer L.
245 _aFundamentals in lodging Operations/
_cJennefer L. Yap
260 _aIntramuros, Manila, Philippines :
_b Mindshapers ,
_c c2019.
300 _ax, 134 pages
_b illustrations ;
_c23cm.
504 _aIncludes bibliographical references
650 _a1. Hospitality Industry -- Management
700 _aEvan Laurence
942 _2ddc
_cBK - FIL
_kFil.
_n0
999 _c8038
_d8038